Statistics for All DOOM Eternal Demons

Click here to take the quiz!

General Stats

  • This quiz has been taken 44 times
  • The average score is 18 of 37

Answer Stats

HintAnswer% Correct
AArachnotron
85%
CCacodemon
81%
AArch-vile
78%
BBaron of Hell
70%
SSpectre
70%
ZZombie
70%
CCyber-Mancubus
67%
IIcon of Sin
67%
IImp
67%
KKhan Maykr
67%
PPain Elemental
67%
CCueball
63%
MMancubus
63%
MMarauder
63%
CCarcass
59%
CCyberdemon
59%
HHell Knight
59%
SSoldier
59%
DDoom Hunter
56%
MMaykr Drone
56%
PProwler
56%
RRevenant
56%
DDread Knight
52%
GGargoyle
52%
TTentacle
52%
GGladiator
48%
HHell Priests
44%
WWhiplash
44%
DDemon
19%
FFodder
15%
UUnwilling
7%
AAggadons
4%
TTitan
4%
MMecha-Zombies
0%
SSeraphim
0%
SSpirit
0%
ZZombie Cultist
0%

Score Distribution

Percentile by Number Answered

Percent of People with Each Score

Your Score History

You have not taken this quiz